| 000 | 00000nam 2200000za 4500 |
| 001 | 9.837573 |
| 003 | CaOODSP |
| 005 | 20221107151154 |
| 007 | cr ||||||||||| |
| 008 | 170602s1983 onco #o f100 0 fre d |
| 040 | |aCaOODSP|bfre |
| 043 | |an-cn--- |
| 086 | 1 |aR5-230/1983F-PDF |
| 245 | 00|aConférence sur l'art inuit à l'intention des conservateurs et des spécialistes, Centre des conférences du gouvernement, Ottawa, les 15 et 16 septembre 1982 |h[ressource électronique] / |cParrainée par le Conseil canadien des arts esquimaux et organisée par la Section de l'art inuit du ministère des Affaires indiennes et du Nord canadien. |
| 246 | 14|aRapport sur la Conférence sur l'art inuit à l'intention des conservateurs et des spécialistes tenue au Centre des conférences du gouvernement à Ottawa les 15 et 16 septembre 1982 |
| 260 | |aOttawa : |bAffaires indiennes et du Nord canadien, |cc1983. |
| 300 | |a210 p. : |bphotographies |
| 500 | |aPublié aussi en anglais sous le titre: Conference for Curators and Specialists who work with Inuit Art, Canadian Government Conference Centre, Ottawa, September 15 and 16, 1982. |
| 500 | |aÉdition numérisée de l’imprimé [par Affaires autochtones et du Nord Canada]. |
| 520 | |a« Les présentes constituent les actes de la Conférence sur l'art inuit à l'intention des conservateurs et des spécialistes qui s'est tenue les 15 et 16 septembre 1982 au Centre des conférences du gouvernement canadien à Ottawa. Ce rapport est destiné à servir non seulement de document aux délégués à la Conférence, mais aussi d'outil de référence à tous les chercheurs et spécialistes qui s'intéressent à l'art inuit. » -- Avant-Propos. |
| 692 | 07|2gccst|aInuit |
| 692 | 07|2gccst|aĹ’uvre d'art |
| 692 | 07|2gccst|aCongrès |
| 710 | 1 |aCanada. |bAffaires indiennes et du Nord Canada. |bSection de l'art inuit. |
| 710 | 2 |aConseil canadien des arts esquimaux. |
| 775 | 08|tConference for Curators and Specialists who work with Inuit Art, Canadian Government Conference Centre, Ottawa, September 15 and 16, 1982 |w(CaOODSP)9.837572 |
| 856 | 40|qPDF|s18.35 Mo|uhttps://publications.gc.ca/collections/collection_2017/aanc-inac/R5-230-1983-fra.pdf |
| 986 | |aQS-8319-000-FF-A1 |